| 000 | 00322nam a2200121Ia 4500 | ||
|---|---|---|---|
| 008 | 230907s9999||||xx |||||||||||||| ||und|| | ||
| 082 |
_a621.51 _bKOV |
||
| 100 |
_aKovačević, Ahmed. _9115582 |
||
| 245 | 0 | _aScrew compressors : | |
| 260 |
_aSpringer, _bBerlin ; | New York : _c2007 |
||
| 300 | _axii, 158 p. : | ||
| 942 | _cBK | ||
| 999 |
_c598861 _d598861 |
||